000 00310nam a22001337a 4500
008 170616b xxu||||| |||| 00| 0 eng d
020 _a01952000950
041 _aeng
080 _a32
100 _a20
101 _aSHP
245 _aSTRUCTURAL CHANGE DEVELOPMENT POLICY
_cCHENERY.H
942 _2udc
_cBK
999 _c17836
_d17836